Visualizzazione normale
Vista MARC
- Ribes Leiva, Alberto J.,
di Personal Name
Records bibliografici associati: 1
001 - CONTROL NUMBER
- control field: 30921
003 - CONTROL NUMBER IDENTIFIER
- control field: IT-RoINE
005 - DATE AND TIME OF LATEST TRANSACTION
- control field: 20170208103323.0
008 - FIXED-LENGTH DATA ELEMENTS
- fixed length control field: 170208|| aca||aabn | a|a d
040 ## - CATALOGING SOURCE
- Original cataloging agency: IT-RoINE
- Transcribing agency: IT-RoINE
100 ## - HEADING--PERSONAL NAME
- Personal name: Ribes Leiva, Alberto J.,
- Dates associated with a name: 1976-
670 ## - SOURCE DATA FOUND
- Source citation: Work cat.: (IT-RoINE)0: Ayala, Francisco, 1906-2009 30920, Miradas sobre el presente :, [2006]